[Event "GMA"]
[Site "Bermuda BER"]
[Date "2003.02.05"]
[Round "11"]
[White "Macieja,B"]
[Black "Volokitin,And"]
[Result "1/2-1/2"]
[WhiteElo "2629"]
[BlackElo "2565"]

1.Nf3 Nf6 2.d4 g6 3.Bf4 Bg7 4.e3 d6 5.Be2 c5 6.O-O Nh5 7.Bg5 h6 8.Bh4 g5
9.Bg3 Nxg3 10.hxg3 cxd4 11.exd4 g4 12.Nh4 h5 13.c3 d5 14.f4 Nc6 15.Nd2 e6
16.Bb5 Bf6 17.f5 Bxh4 18.gxh4 Qxh4 19.Qe2 Bd7 20.Bxc6 bxc6 21.Qe5 O-O-O 22.f6 Rdg8
23.Rae1 Rg5 24.Qd6 Rf5 25.g3 Rxf1+ 26.Rxf1 Qg5 27.Nb3 Qe3+ 28.Kg2 h4 29.Nc5 Be8
30.Qf4 Qxg3+ 31.Qxg3 hxg3 32.Kxg3 Bd7 33.Rf4 Rh3+ 34.Kxg4 e5+ 35.Nxd7 exf4
36.Kxh3 Kxd7 37.Kg4 Ke6 38.Kxf4 Kxf6 39.b3 Ke6 40.Kg5 f6+ 41.Kg6 Ke7 42.Kf5  1/2-1/2

[Event "4th IECC"]
[Site "Istanbul TUR"]
[Date "2003.06.05"]
[Round "6"]
[White "Volokitin,And"]
[Black "Macieja,B"]
[Result "1/2-1/2"]
[WhiteElo "2572"]
[BlackElo "2634"]

1.e4 c6 2.d4 d5 3.e5 Bf5 4.Nf3 e6 5.Be2 c5 6.Be3 Qb6 7.c4 Qxb2 8.Nbd2 Ne7
9.O-O Nbc6 10.Nb3 O-O-O 11.Nxc5 dxc4 12.Bxc4 Nd5 13.Nd3 Qa3 14.Rc1 h6 15.Bxd5 exd5
16.Nc5 Bxc5 17.Rxc5 Kb8 18.Nd2 Qxa2 19.Qc1 Nb4 20.Qc3 Nd3 21.Ra1 Qb2 22.Qa5 Nxc5
23.Qxa7+ Kc7 24.Qxc5+ Kd7 25.Qxd5+ Ke8 26.Qa5 b6 27.Qa4+ b5 28.Qa7 Rd7 29.Qa5 Ke7
30.Ra2 Qc1+ 31.Nf1 Qc4 32.Nd2 Qc1+ 33.Nf1 Qc4 34.Nd2 Qc1+ 35.Nf1 Qc4  1/2-1/2

[Event "4th IECC"]
[Site "Istanbul TUR"]
[Date "2003.06.07"]
[Round "8"]
[White "Volokitin,And"]
[Black "Zvjaginsev,V"]
[Result "1/2-1/2"]
[WhiteElo "2572"]
[BlackElo "2664"]

1.e4 c5 2.Nf3 Nc6 3.d4 cxd4 4.Nxd4 g6 5.c4 Nf6 6.Nc3 Nxd4 7.Qxd4 d6 8.Be2 Bg7
9.Be3 O-O 10.Qd2 Be6 11.O-O Qa5 12.f3 Rfc8 13.Rfc1 Bxc4 14.Nd5 Qxd2 15.Nxe7+ Kf8
16.Bxd2 Kxe7 17.Bxc4 Nd7 18.Rab1 Nb6 19.Bb3 Rc6 20.Kf1 Rac8 21.Ke2 Nc4 22.Bg5+ Bf6
23.h4 Na5 24.Rxc6 Rxc6 25.Bd1 Nc4 26.Ba4 Rb6 27.Bb3 Rc6 28.Ba4 Rb6 29.b3 Bxg5
30.hxg5 Na3 31.Rc1 Rb4 32.Rc7+ Kd8 33.Rxf7 b5 34.Rxh7 bxa4 35.Rxa7 Nb5 36.Ra8+ Ke7
37.bxa4 Nc7 38.Rh8 Ne6 39.Rh7+ Ke8 40.a5 Ra4 41.Ra7 Rxa2+ 42.Kf1 Nxg5 43.Rg7 Ne6
44.Rxg6 Kf7 45.Rh6 Rxa5 46.Rh7+ Kg6 47.Rd7 Ra6 48.Kf2 Kf6 49.Kg3 Nc5 50.Rd8 Ke7
51.Rh8 Ne6 52.Rh7+ Kf6 53.Rd7 Nf8 54.Rd8 Ke7 55.Rb8 Ra2 56.f4 Nd7 57.Rb7 Ra3+
58.Kg4 Re3 59.Kf5 Rg3 60.e5 dxe5 61.fxe5 Rxg2 62.Ra7 Rf2+ 63.Ke4 Re2+ 64.Kf4 Re1
65.Ra5 Nb6 66.Rb5 Nc4 67.Rc5 Rc1 68.Ke4 Re1+ 69.Kd4 Ne3 70.Rc7+ Ke6 71.Rc6+ Kd7
72.Rd6+ Ke7 73.Ra6 Ng4 74.Ra7+ Ke6 75.Ra6+ Kf7 76.e6+ Kf6 77.Kc5 Ke7 78.Kd5 Nf6+
79.Kd4 Nh5 80.Ra7+ Kxe6 81.Ra6+ Kf5 82.Ra5+ Kg4 83.Ra8 Nf4 84.Rg8+ Kf3 85.Rf8 Ra1
86.Ke5 Ke3 87.Rb8 Ra5+ 88.Kd6 Nd3 89.Rh8 Ke4 90.Rh4+ Nf4 91.Rh8 Kd4 92.Rc8 Rh5
93.Kc6 Nd5 94.Rd8 Kc4 95.Kd6 Nf4 96.Rg8 Kb5 97.Rb8+ Kc4 98.Ra8  1/2-1/2

[Event "BCSA Open"]
[Site "Batumi GEO"]
[Date "2003.07.19"]
[Round "3"]
[White "Matnadze,A"]
[Black "Volokitin,And"]
[Result "0-1"]
[WhiteElo "2386"]
[BlackElo "2585"]

1.d4 Nf6 2.g3 e6 3.c4 c5 4.d5 exd5 5.cxd5 b5 6.Bg2 d6 7.a4 b4 8.b3 Be7 9.Bb2 O-O
10.Nd2 Ba6 11.Nh3 Ng4 12.O-O Bf6 13.Bxf6 Nxf6 14.Nf4 Nbd7 15.h3 Ne5 16.Ne4 c4
17.bxc4 Bxc4 18.Nd2 a5 19.Rc1 Rc8 20.g4 h6 21.Nxc4 Rxc4 22.Rxc4 Nxc4 23.Qc2 Ne5
24.Rc1 Qb6 25.e3 b3 26.Qc3 Rb8 27.Ne2 b2 28.Rb1 Qb4 29.Qc7 Nc4 30.Nd4 Nd2
31.Nb5 Nxb1 32.Qxb8+ Kh7 33.Qc8 Qe1+ 34.Kh2 Qxf2 35.Nxd6 Nd2 36.Qc2+ g6 37.Qc7 Nf3+  0-1

[Event "BCSA Open"]
[Site "Batumi GEO"]
[Date "2003.07.20"]
[Round "4"]
[White "Volokitin,And"]
[Black "Gaprindashvili,V"]
[Result "1-0"]
[WhiteElo "2585"]
[BlackElo "2475"]

1.e4 e6 2.d4 d5 3.Nc3 dxe4 4.Nxe4 Nd7 5.Nf3 Ngf6 6.Nxf6+ Nxf6 7.c3 Bd6 8.Bd3 c5
9.dxc5 Bxc5 10.Qe2 O-O 11.Bg5 h6 12.h4 e5 13.O-O-O Qb6 14.Nxe5 Re8 15.Bc4 Bg4
16.Bxf7+ Kf8 17.f3 hxg5 18.Bxe8 Be3+ 19.Kb1 Bf5+ 20.Ka1 Rxe8 21.Nc4 Qb5 22.Qf1 Bf4
23.hxg5 Be6 24.Nd6 Qa4 25.c4 Ng8 26.Qd3 Re7 27.Qg6 Qa5 28.Nxb7 Rxb7 29.Qxe6 Rxb2
30.Qc8+ Kf7 31.g6+ Kxg6 32.Qg4+ Bg5 33.Kxb2 Qb6+ 34.Ka1 Nh6 35.Qh5+ Kf6 36.Rd5 Nf5
37.f4  1-0

[Event "BCSA Open"]
[Site "Batumi GEO"]
[Date "2003.07.22"]
[Round "6"]
[White "Volokitin,And"]
[Black "Shengelia,D"]
[Result "1/2-1/2"]
[WhiteElo "2585"]
[BlackElo "2486"]

1.e4 c5 2.Nf3 d6 3.d4 cxd4 4.Nxd4 Nf6 5.Nc3 Nc6 6.Bg5 e6 7.Qd2 Be7 8.O-O-O Nxd4
9.Qxd4 a6 10.f4 b5 11.Bxf6 gxf6 12.e5 d5 13.Kb1 Bd7 14.f5 fxe5 15.Qxe5 Bf6
16.Qe3 O-O 17.Qh3 b4 18.Ne2 Bg7 19.Nd4 e5 20.Ne2 Qf6 21.g4 Rac8 22.Rg1 Rc4
23.Rxd5 e4 24.c3 bxc3 25.Nxc3 Rxc3 26.Qxc3 Qb6 27.f6 Bxf6 28.Qd2 Qxg1 29.Qf4 Bxb2
30.Kxb2 Qb6+ 31.Ka3 Rb8 32.Qd2 Be6 33.Rg5+ Kf8 34.Qc3 Ke7 35.Qc5+ Qxc5+ 36.Rxc5 Kd6
37.Rh5 Rb1 38.Bxa6 Ra1 39.Kb4 Rxa2 40.Bc4 Rg2 41.Bxe6 Kxe6 42.h3 Rd2 43.Kc3 Rd5
44.Rh6+ f6 45.Rxh7 e3 46.Rh8 Ke7 47.Rh7+ Kd6 48.Rh8 Kd7 49.Rh7+ Ke6 50.Rh8 Kf7
51.Rh7+ Ke8 52.Rh8+ Kd7 53.Rh7+ Kd6 54.Rh8 Re5 55.Rd8+ Ke7 56.Rd1 e2 57.Re1 Re3+  1/2-1/2

[Event "Aeroflot Open"]
[Site "Moscow RUS"]
[Date "2004.02.18"]
[Round "2"]
[White "Tomashevsky,E"]
[Black "Volokitin,And"]
[Result "1/2-1/2"]
[WhiteElo "2480"]
[BlackElo "2594"]

1.c4 Nf6 2.Nc3 g6 3.g3 Bg7 4.Bg2 c5 5.e3 O-O 6.Nge2 Nc6 7.O-O d6 8.d4 Bg4
9.h3 cxd4 10.exd4 Bxe2 11.Nxe2 d5 12.c5 b6 13.Rb1 a5 14.a3 e5 15.dxe5 Nxe5
16.cxb6 Qxb6 17.Be3 Qa6 18.Nf4 Rad8 19.Bd4 Ne4 20.Rc1 Rfe8 21.Rc7 Nd3 22.Bxg7 Nxf4
23.Qf3 Qd6 24.Qxf4 Qxf4 25.gxf4 Kxg7 26.Rd1 Nf6 27.Bf3 Rc8 28.Rxc8 Rxc8 29.Bxd5 Rb8
30.b3 Nxd5 31.Rxd5 Rxb3 32.Rxa5 Rxh3 33.Kg2 Rb3 34.f3 h5 35.Kg3 f5 36.Ra7+ Kh6
37.Ra8 Rc3 38.Ra7 h4+ 39.Kxh4 Rxf3 40.Ra4 Re3 41.Ra8 Rd3 42.Rh8+ Kg7 43.Ra8 Rf3
44.Ra7+ Kh6 45.Ra4 Rf1 46.Kg3 Rg1+ 47.Kf3 Rc1 48.Ra6 Rc3+ 49.Kg2 Kh5 50.Kf2 Kg4
51.Rxg6+ Kxf4 52.Rb6 Rc2+ 53.Kf1 Kg4 54.Rb3 f4 55.Rd3 Ra2 56.Rb3 f3  1/2-1/2

[Event "Aeroflot Open"]
[Site "Moscow RUS"]
[Date "2004.02.19"]
[Round "3"]
[White "Volokitin,And"]
[Black "Novikov,S"]
[Result "1-0"]
[WhiteElo "2594"]
[BlackElo "2515"]

1.e4 c5 2.Nf3 d6 3.d4 cxd4 4.Nxd4 e5 5.Nb5 a6 6.N5a3 Nc6 7.c4 Nf6 8.Nc3 Be7
9.Bd3 Bg4 10.Qd2 O-O 11.O-O h6 12.Nc2 Nh5 13.Be2 Bg5 14.Qd1 Bxe2 15.Nxe2 Bxc1
16.Rxc1 Nf4 17.Nxf4 exf4 18.Nd4 Qf6 19.Nf5 Rad8 20.Qd2 Qe5 21.f3 Rfe8 22.Rfd1 Re6
23.Qc3 Qc5+ 24.Kh1 Ne5 25.Rd5 Qc7 26.Qd2 g6 27.Nd4 Ree8 28.Rc3 Nc6 29.Qxf4 Ne7
30.Qxh6 Nxd5 31.Nf5 gxf5 32.cxd5 Qxc3 33.bxc3 fxe4 34.fxe4 Rc8 35.Qxd6 Rxc3
36.h3 Rxe4 37.Qd8+ Kg7 38.Qg5+ Kf8 39.Qd2 Rcc4 40.Qh6+ Kg8 41.Qg5+ Kf8 42.Qh6+ Kg8
43.Qb6 Rb4 44.Qd8+ Kg7 45.Kh2 Rb5 46.Qg5+ Kf8 47.Qh6+ Kg8 48.Qd6 Ra4 49.Qd8+ Kg7
50.Qg5+ Kf8 51.Qd2 Ke7 52.d6+ Kd7 53.Qe2 Rbb4 54.Qd2 Rd4 55.Qg5 Rdb4  1-0

[Event "Aeroflot Open"]
[Site "Moscow RUS"]
[Date "2004.02.25"]
[Round "9"]
[White "Volokitin,And"]
[Black "Markowski,T"]
[Result "0-1"]
[WhiteElo "2594"]
[BlackElo "2603"]

1.e4 c5 2.Nf3 e6 3.d4 cxd4 4.Nxd4 a6 5.Be2 b5 6.a4 b4 7.Bf3 Qc7 8.O-O Bb7
9.Re1 Ne7 10.Nd2 d6 11.b3 Ng6 12.Bb2 Nd7 13.c3 Nde5 14.Re3 bxc3 15.Rxc3 Qd8
16.Nc4 Be7 17.Nxe5 Nxe5 18.Rac1 O-O 19.Rc7 Rb8 20.Be2 Bg5 21.R1c3 d5 22.exd5 Qxd5
23.Rg3 h6 24.Qa1 Bf4 25.Bc4 Nxc4 26.Rxg7+ Kxg7 27.Nxe6+ Kh7 28.Nxf4 Qf5 29.Rxc4 Rg8
30.h3 Bxg2 31.Nxg2 Qxh3 32.Qf1 Rxg2+ 33.Qxg2 Rg8 34.Qxg8+ Kxg8 35.Rc3 Qh5
36.Rg3+ Kf8 37.Bg7+ Ke7 38.Re3+ Kd7 39.Rd3+ Kc6 40.Rc3+ Kb7 41.Bf8 Qd1+ 42.Kg2 h5
43.Be7 Qg4+ 44.Kh2 Qe2 45.Bh4 Qe5+ 46.Rg3 Qf4 47.Kh3 Qxf2 48.Rg5 Qf3+ 49.Bg3 Qxb3
50.a5 Qf3 51.Rg8 Qf5+ 52.Kh4 f6 53.Rb8+ Kc6 54.Rb6+ Kd7 55.Rb7+ Ke6 56.Rg7 Qxa5  0-1

[Event "3rd ACP Blitz Prelim1"]
[Site "playchess.com INT"]
[Date "2004.05.31"]
[Round "1"]
[White "Bartel,Mat"]
[Black "Volokitin,And"]
[Result "1-0"]
[WhiteElo "2501"]
[BlackElo "2600"]

1.g3 e5 2.Bg2 d5 3.c4 Nf6 4.cxd5 Nxd5 5.Nc3 Nb6 6.Nf3 Nc6 7.O-O Be7 8.d3 O-O
9.a3 Re8 10.b4 Bf8 11.Bb2 Bg4 12.Rc1 Nd4 13.Ne4 Bxf3 14.exf3 c6 15.Re1 a5
16.Nc5 axb4 17.axb4 Nd5 18.f4 Nxb4 19.fxe5 Bxc5 20.Rxc5 Ra2 21.Qb1 Rxb2 22.Qxb2 Nxd3
23.Qc3 Nxe1 24.Qxe1 Qb6 25.Rc4 Rxe5 26.Qd1 Ne2+ 27.Kf1 g6 28.Bf3 Rf5 29.Qxe2 Qb3
30.Rf4 Rxf4 31.gxf4 Qc3 32.Qe8+ Kg7 33.Qe5+ Qxe5 34.fxe5 Kh6 35.Ke2 Kg5 36.Ke3 Kf5
37.Kd4 Kf4 38.Be2 g5 39.Bc4 g4 40.Bxf7 Kf5 41.Bc4 h5 42.Bd3+ Ke6 43.Bg6  1-0

[Event "3rd ACP Blitz Prelim1"]
[Site "playchess.com INT"]
[Date "2004.05.31"]
[Round "2"]
[White "Volokitin,And"]
[Black "Nielsen,PH"]
[Result "1-0"]
[WhiteElo "2600"]
[BlackElo "2628"]

1.e4 e5 2.Nf3 Nc6 3.Bb5 Nf6 4.O-O Nxe4 5.d4 Nd6 6.Bxc6 dxc6 7.dxe5 Nf5 8.Qxd8+ Kxd8
9.Nc3 Bd7 10.h3 Kc8 11.g4 Ne7 12.Ng5 Be8 13.f4 h5 14.f5 hxg4 15.hxg4 Rh4
16.Rf4 Nd5 17.Nxd5 cxd5 18.Kg2 c5 19.c3 Be7 20.f6 gxf6 21.exf6 Bd6 22.Nf3 Rh8
23.Rf5 Bc6 24.Bf4 Kc7 25.Re1 Rae8 26.Re7+ Rxe7 27.fxe7 Re8 28.Bxd6+ Kxd6
29.Rxf7 Rxe7 30.Rxe7 Kxe7 31.Kg3 a5 32.Kf4 b5 33.g5 d4 34.cxd4 c4 35.Nd2 Ke6
36.a3 Bd5 37.Ne4 b4 38.axb4 axb4 39.g6 c3 40.bxc3 b3 41.Nc5+ Kf6 42.Nd3 Kxg6
43.Ke5 Bc4 44.Nb2 Be2 45.d5 Kf7 46.Kd6 Ke8 47.Kc7 Bg4 48.c4 Bd7 49.c5 Bb5
50.c6 Bxc6 51.dxc6  1-0

[Event "3rd ACP Blitz Prelim1"]
[Site "playchess.com INT"]
[Date "2004.05.31"]
[Round "4"]
[White "Volokitin,And"]
[Black "Golubev,M"]
[Result "1-0"]
[WhiteElo "2600"]
[BlackElo "2532"]

1.e4 c5 2.Nf3 d6 3.d4 cxd4 4.Nxd4 Nf6 5.Nc3 g6 6.Be3 Bg7 7.f3 O-O 8.Qd2 Nc6
9.O-O-O d5 10.exd5 Nxd5 11.Nxc6 bxc6 12.Bd4 e5 13.Bc5 Re8 14.Ne4 Qc7 15.h4 Rd8
16.h5 f5 17.h6 Bh8 18.Ng5 Bf6 19.Bc4 Rb8 20.Bb3 a5 21.a4 Rxb3 22.cxb3 Nf4
23.Bd6 Qb6 24.Nh3 Nxh3 25.Rxh3 Be6 26.f4 exf4 27.Rd3 Bxb3 28.Qe2 Bc4 29.Ba3 Rxd3
30.Qe8+  1-0

[Event "3rd ACP Blitz Prelim1"]
[Site "playchess.com INT"]
[Date "2004.05.31"]
[Round "15"]
[White "Golubev,M"]
[Black "Volokitin,And"]
[Result "0-1"]
[WhiteElo "2532"]
[BlackElo "2600"]

1.e4 c5 2.Nf3 e6 3.d4 cxd4 4.Nxd4 a6 5.Bd3 Bc5 6.Nb3 Ba7 7.Qe2 Nc6 8.Nc3 Nge7
9.Be3 O-O 10.O-O-O d6 11.f4 Qc7 12.g4 b5 13.Bxa7 Rxa7 14.Qe3 b4 15.Na4 Bd7
16.Nb6 Be8 17.f5 Ne5 18.Nc4 Nxc4 19.Bxc4 Bb5 20.Bxb5 axb5 21.fxe6 fxe6 22.Rxd6 Rxa2
23.Qb6 Qc4 24.Rd8 Ra8 25.Rxf8+ Rxf8 26.Rd1 Qxe4 27.Nc5 Qxg4 28.Nxe6 Rc8 29.Rg1 Qe4
30.Rxg7+ Kh8 31.Rxh7+ Qxh7 32.Qd4+ Kg8 33.Qf2 Qg6 34.Nf4 Qf5 35.Kb1 Kf7 36.h4 Rc4
37.Qe3 Qxf4 38.Qxf4+ Rxf4 39.h5 Rh4 40.h6 Rxh6 41.Ka2 Rh3 42.c3 Ke6 43.cxb4 Nd5
44.Kb1 Nxb4 45.Kc1 Rh2 46.Kd1 Kd5 47.Ke1 Ke4 48.Kf1 Kf3 49.Kg1 Rxb2 50.Kh1 Kg3
51.Kg1 Rb1+  0-1

[Event "TCh-SCG Men"]
[Site "Budva SCG"]
[Date "2004.09.11"]
[Round "4"]
[White "Volokitin,And"]
[Black "Iordachescu,V"]
[Result "1/2-1/2"]
[WhiteElo "2638"]
[BlackElo "2633"]

1.e4 e5 2.Nf3 Nf6 3.Nxe5 d6 4.Nf3 Nxe4 5.d4 d5 6.Bd3 Nc6 7.O-O Be7 8.Re1 Bg4
9.c3 f5 10.Qb3 O-O 11.Nbd2 Na5 12.Qc2 c5 13.Ne5 Bh5 14.f3 Bh4 15.Rf1 cxd4
16.fxe4 fxe4 17.Nxe4 dxe4 18.Rxf8+ Qxf8 19.Bxe4 dxc3 20.Be3 cxb2 21.Rf1 Qe8
22.Bd5+ Kh8 23.Qxb2 Rd8 24.Bh6 Bf6 25.Rxf6 Rxd5 26.Rf1 Rd1 27.Bxg7+ Kg8 28.Rxd1 Bxd1
29.Bf6 Qe6 30.Qf2 Qb6 31.Qxb6 axb6 32.Bd8 Nc6 33.Nxc6 bxc6 34.Bxb6 Kf7 35.Kf2 Ke6
36.Ke3 Kd7 37.Kf4 Kc8 38.g4 c5 39.Bxc5 Kb7 40.g5 Bc2 41.Ke5 Bb1 42.a4 Bc2
43.a5 Bb1 44.h4 Bc2 45.h5 Bb1 46.Be3 Bc2 47.Kf6 Bd3 48.g6 Bxg6 49.hxg6 hxg6
50.Kxg6 Ka8 51.a6  1/2-1/2

[Event "TCh-SCG Men"]
[Site "Budva SCG"]
[Date "2004.09.15"]
[Round "7"]
[White "Aleksandrov,A"]
[Black "Volokitin,And"]
[Result "1/2-1/2"]
[WhiteElo "2666"]
[BlackElo "2638"]

1.d4 Nf6 2.c4 e6 3.Nc3 Bb4 4.e3 O-O 5.Ne2 d5 6.a3 Bd6 7.c5 Be7 8.Nf4 b6 9.b4 a5
10.Bd2 axb4 11.axb4 Rxa1 12.Qxa1 Nc6 13.Qa4 e5 14.Qxc6 exf4 15.exf4 Bd7 16.Qb7 bxc5
17.bxc5 Bxc5 18.dxc5 d4 19.Ne2 Re8 20.Qb4 d3 21.Be3 dxe2 22.Bxe2 Bg4 23.Qd2 Qxd2+  1/2-1/2

[Event "TCh-SCG Men"]
[Site "Budva SCG"]
[Date "2004.09.19"]
[Round "11"]
[White "Misailovic,N"]
[Black "Volokitin,And"]
[Result "0-1"]
[WhiteElo "2349"]
[BlackElo "2638"]

1.e4 c5 2.Nf3 e6 3.d4 cxd4 4.Nxd4 Nc6 5.Be2 Nf6 6.Nxc6 bxc6 7.Nd2 d5 8.exd5 cxd5
9.O-O Bd6 10.c4 O-O 11.cxd5 Nxd5 12.Bf3 Ba6 13.Re1 Qc7 14.h3 Rad8 15.Bxd5 Bh2+
16.Kh1 Rxd5 17.Qa4 Bb5 18.Qh4 Be5 19.Nf3 Bf6 20.Qg4 Qc2 21.Be3 Bxb2 22.Rab1 h5
23.Qg3 a6 24.Ng5 Bf6 25.h4 Qxa2 26.Qf3 Bd3 27.Rb7 Bg6 28.Rc1 Rb5 29.Rbc7 Rb1
30.Nh3 Be5 31.Rc5 Rxc1+ 32.Rxc1 Qa4 33.Nf4 Be4 34.Qe2 Bxf4  0-1

[Event "TCh-SLO"]
[Site "Celje SLO"]
[Date "2004.11.30"]
[Round "2"]
[White "Volokitin,And"]
[Black "Ruck,R"]
[Result "1-0"]
[WhiteElo "2652"]
[BlackElo "2562"]

1.e4 c6 2.d4 d5 3.e5 Bf5 4.Nf3 e6 5.Be2 c5 6.Be3 cxd4 7.Nxd4 Ne7 8.Bg5 Qa5+
9.Nc3 Bg6 10.b4 Qxb4 11.Nb5 Qa5 12.Bd2 Qd8 13.Nd6+ Kd7 14.Nxb7 Qc7 15.Nd6 Nf5
16.Ncb5 Qc5 17.Nxf5 Bxf5 18.c3 Be7 19.Be3 Qc6 20.O-O Bc5 21.Bxc5 Qxc5 22.c4 a6
23.cxd5 axb5 24.Rc1 Qb4 25.Bxb5+ Ke7 26.d6+ Kd8 27.Rc8+  1-0

[Event "TCh-SLO"]
[Site "Celje SLO"]
[Date "2004.12.03"]
[Round "7"]
[White "Jelen,Ig"]
[Black "Volokitin,And"]
[Result "0-1"]
[WhiteElo "2346"]
[BlackElo "2652"]

1.d4 d6 2.Nf3 Nf6 3.c4 g6 4.Nc3 Bf5 5.Nh4 Bd7 6.Nf3 Bg7 7.e4 O-O 8.Be2 c5
9.d5 e6 10.O-O exd5 11.exd5 Na6 12.Bf4 Ne8 13.Qd2 Nac7 14.Bh6 Bg4 15.Bxg7 Nxg7
16.Qf4 Bxf3 17.Bxf3 Nf5 18.a4 Na6 19.Rae1 Nb4 20.Be4 Nd4 21.Bb1 Kg7 22.Re3 h5
23.Ne4 Nf5 24.Rh3 Qe7 25.Nxc5 dxc5 26.Bxf5 Qf6 27.Rg3 Nc2 28.Qg5 Qxg5 29.Rxg5 Kf6
30.Bxc2 Kxg5 31.a5 Rfe8 32.Ba4 Re2 33.b3 Rd8 34.Rd1 Rd6 35.Kf1 Rb2 36.Rd3 Rf6
37.f3 Rd6 38.Re3 h4 39.Re7 Rf6 40.h3 Kf4 41.Be8 Rxb3 42.Bxf7 b5 43.axb6 Rfxb6
44.Re4+ Kg5 45.Rg4+ Kh5 46.f4 Rf6 47.Be6 Rc3 48.f5 gxf5 49.Rg7 a5 50.Ra7 Rxc4
51.Rxa5 Kg5 52.Ra8 Kf4 53.d6 Rc1+ 54.Kf2 Rc2+ 55.Kf1 Rxe6 56.d7 Rd6 57.d8=Q Rxd8
58.Rxd8 c4 59.Re8 Rd2 60.Rc8 Ke3 61.Ke1 Rxg2 62.Re8+ Kd3  0-1

[Event "TCh-BIH Prem"]
[Site "Neum BIH"]
[Date "2005.06.09"]
[Round "6"]
[White "Lalic,B"]
[Black "Volokitin,And"]
[Result "1/2-1/2"]
[WhiteElo "2503"]
[BlackElo "2679"]

1.c4 Nf6 2.Nf3 g6 3.d4 Bg7 4.g3 c6 5.Bg2 d5 6.cxd5 cxd5 7.Nc3 Ne4 8.O-O Nc6
9.Bf4 O-O 10.Ne5 Nxc3 11.bxc3 Nxe5 12.Bxe5 Be6 13.Bxg7 Kxg7 14.c4 dxc4  1/2-1/2

[Event "TCh-BIH Prem"]
[Site "Neum BIH"]
[Date "2005.06.10"]
[Round "7"]
[White "Volokitin,And"]
[Black "Saric,A"]
[Result "1/2-1/2"]
[WhiteElo "2679"]
[BlackElo "2472"]

1.e4 e5 2.Nf3 Nf6 3.Nxe5 d6 4.Nf3 Nxe4 5.d4 d5 6.Bd3 Nc6 7.O-O Be7 8.Re1 Bf5
9.c4 O-O 10.cxd5 Qxd5 11.Nc3 Nxc3 12.bxc3 Bxd3 13.Qxd3 Rad8 14.Bf4 Qd7 15.Re3 h6
16.Rae1 Bd6 17.Bxd6 Qxd6 18.Nh4 Qd7 19.Qe4 Qd5 20.Qg4 Qg5 21.Qh3 Qh5 22.f4 b5
23.g4 Qd5 24.Nf5 b4 25.g5 bxc3 26.gxh6 g6 27.Re5 Qd7 28.h7+ Kh8 29.Qh6 gxf5
30.Qf6+ Kxh7 31.Qh4+ Kg7 32.Qg5+ Kh7 33.Qh4+ Kg7 34.Qg3+ Kh8 35.Qh3+ Kg7
36.Qg2+ Kh8 37.Qh3+ Kg7 38.Qg3+ Kh7 39.Qh4+  1/2-1/2

[Event "34th TCh-GRE"]
[Site "Ermioni Argolidas GRE"]
[Date "2005.07.06"]
[Round "3"]
[White "Navara,D"]
[Black "Volokitin,And"]
[Result "1-0"]
[WhiteElo "2663"]
[BlackElo "2671"]

1.d4 Nf6 2.c4 e6 3.Nf3 c5 4.d5 exd5 5.cxd5 d6 6.Nc3 g6 7.e4 Bg7 8.h3 O-O
9.Bd3 Bd7 10.Bf4 Re8 11.Nd2 b5 12.Bxd6 b4 13.Ne2 Bxh3 14.Rxh3 Qxd6 15.f4 c4
16.Nxc4 Qc5 17.Ne5 Nbd7 18.Rc1 Qa5 19.Nc4 Qc5 20.Ne5 Qa5 21.Nc6 Qb6 22.e5 Ng4
23.Ned4 Ngxe5 24.fxe5 Nxe5 25.Kf1 Rad8 26.Qb3 Ng4 27.Be2 Bxd4 28.Bxg4 Bg1
29.Rc2 h5 30.Bxh5 Rd6 31.Bf3 Rf6 32.Qxb4 Qa6+ 33.Kxg1  1-0

[Event "34th TCh-GRE"]
[Site "Ermioni Argolidas GRE"]
[Date "2005.07.08"]
[Round "6"]
[White "Volokitin,And"]
[Black "Gustafsson,J"]
[Result "1/2-1/2"]
[WhiteElo "2671"]
[BlackElo "2614"]

1.e4 e5 2.Nf3 Nc6 3.Bb5 a6 4.Ba4 Nf6 5.O-O Be7 6.Re1 b5 7.Bb3 O-O 8.d4 d6
9.c3 Bg4 10.d5 Na5 11.Bc2 c6 12.h3 Bc8 13.dxc6 Qc7 14.Nbd2 Qxc6 15.Nf1 Nc4
16.Qe2 Re8 17.Bd3 Nb6 18.Be3 Na4 19.c4 b4 20.Bg5 Nd7 21.Bxe7 Rxe7 22.Ne3 Nf6
23.Qc2 h6 24.Nd2 Be6 25.Nb3 Rc7 26.Red1 Rb8 27.Rd2 Nc5 28.Nxc5 Qxc5 29.Rad1 Rb6
30.Be2 a5 31.b3 Ra7 32.Bf3 Kf8 33.Rc1 Nd7 34.Qd1 Qc7 35.Bg4 Nc5  1/2-1/2

[Event "34th TCh-GRE"]
[Site "Ermioni Argolidas GRE"]
[Date "2005.07.09"]
[Round "7"]
[White "Azmaiparashvili,Z"]
[Black "Volokitin,And"]
[Result "1/2-1/2"]
[WhiteElo "2672"]
[BlackElo "2671"]

1.d4 Nf6 2.c4 e6 3.Nc3 Bb4 4.Bg5 h6 5.Bh4 c5 6.d5 d6 7.e3 Bxc3+ 8.bxc3 e5
9.Nf3 Qe7 10.Nd2 g5 11.Bg3 Bf5 12.h4 Rh7 13.f3 e4 14.hxg5 hxg5 15.Rxh7 Bxh7
16.f4 gxf4 17.Bxf4 Nbd7 18.g4 Nh5 19.gxh5 Qh4+ 20.Ke2 Bf5 21.Nxe4 Bg4+ 22.Kd2 Bxd1
23.Nxd6+ Kf8 24.Rxd1 Qxh5 25.Be2 Qg6 26.Rh1 Nb6 27.a4 Rd8 28.Rh8+ Ke7 29.Rxd8 Kxd8
30.Nxb7+ Kc8 31.Nxc5 Qg2 32.Ke1 Qg1+ 33.Kd2 Qg2 34.Ke1 Qg1+ 35.Kd2 Qg2  1/2-1/2

[Event "34th TCh-GRE"]
[Site "Ermioni Argolidas GRE"]
[Date "2005.07.10"]
[Round "8"]
[White "Volokitin,And"]
[Black "Rozentalis,E"]
[Result "1/2-1/2"]
[WhiteElo "2671"]
[BlackElo "2567"]

1.e4 e5 2.Nf3 Nf6 3.Nxe5 d6 4.Nf3 Nxe4 5.d4 d5 6.Bd3 Bd6 7.O-O O-O 8.c4 c6
9.Qc2 Na6 10.a3 Bg4 11.Ne5 Bh5 12.cxd5 cxd5 13.Nc3 Bxe5 14.dxe5 Nac5 15.Nxe4 Nxd3
16.Qxd3 Bg6 17.Qb3 Bxe4 18.Qxb7 a5 19.f3 Bf5 20.Rd1 d4 21.Be3 d3 22.Qb6 Qd5
23.Bd4 Rfc8 24.Bc3 a4 25.Rd2 h6 26.Re1 Rc6 27.Qe3 Rc4 28.Kf2 Re8 29.g4 Bh7
30.Qb6 Rf4 31.Re3 Be4 32.Qd6 Bxf3 33.Qxd5 Bxd5+ 34.Kg3 g5 35.Rexd3 Be6 36.Rd4 Rxd4
37.Rxd4 Bb3 38.Rd6 Kh7 39.h4 gxh4+ 40.Kxh4 Rg8 41.Bd2 Rg6 42.Be3 Re6 43.Rxe6 Bxe6
44.Kh5 f6 45.exf6 Bf7+ 46.Kh4 Kg6 47.Bd4 Be8 48.Bc3 Bd7 49.Kg3 Kf7 50.Kf4 Ke6
51.Ke4 Kf7 52.Kf3 Ke6 53.Kf4 Kf7 54.Bd4 Ke6 55.Be5 Kf7 56.Kg3 Be8 57.Bd4 Bd7
58.Kh4 Kg6 59.Bc3 Be8 60.Kg3 Kf7 61.Kf4 Bd7 62.g5 hxg5+ 63.Kxg5 Be6 64.b4 axb3
65.a4 Ke8 66.a5 Kd7 67.a6 Kc7 68.Bd4 b2 69.Bxb2 Kb6 70.Kg6  1/2-1/2

[Event "49th TCh-ESP Honor 1"]
[Site "Merida ESP"]
[Date "2005.08.26"]
[Round "3"]
[White "Volokitin,And"]
[Black "Van Wely,L"]
[Result "1-0"]
[WhiteElo "2671"]
[BlackElo "2655"]

1.e4 c5 2.Nf3 Nc6 3.d4 cxd4 4.Nxd4 Nf6 5.Nc3 e5 6.Ndb5 d6 7.Bg5 a6 8.Na3 b5
9.Nd5 Be7 10.Bxf6 Bxf6 11.c3 Bg5 12.Nc2 Rb8 13.a4 bxa4 14.Ncb4 Bd7 15.Bxa6 Nxb4
16.Nxb4 Qa5 17.Qxd6 Rb6 18.Qd3 Be7 19.Nd5 Rxb2 20.O-O Qc5 21.Rab1 Rxb1 22.Rxb1 O-O
23.Bb5 Bxb5 24.Rxb5 Qa7 25.Qe3 Qd7 26.Ra5 Rb8 27.Nxe7+ Qxe7 28.g3 Qd6 29.Qa7 g6
30.Rd5 Rb1+ 31.Kg2 Qc6 32.Rxe5 Qxc3 33.Re8+ Kg7 34.Qe7 h5 35.Qf8+ Kh7 36.Re7  1-0

[Event "6th YM"]
[Site "Lausanne SUI"]
[Date "2005.09.14"]
[Round "1.1"]
[White "Volokitin,And"]
[Black "Paehtz,E"]
[Result "1-0"]
[WhiteElo "2671"]
[BlackElo "2421"]

1.e4 e6 2.d4 d5 3.Nc3 dxe4 4.Nxe4 Nd7 5.Nf3 Ngf6 6.Nxf6+ Nxf6 7.c3 c5 8.Be3 cxd4
9.Bxd4 a6 10.Bd3 Qc7 11.O-O Bc5 12.Be5 Qe7 13.Qd2 h6 14.Qf4 Bd7 15.b4 Ba7
16.Qg3 Rg8 17.Bd6 Qd8 18.Ne5 g5 19.Qf3 Bb8 20.Bxb8 Rxb8 21.Rad1 Qe7 22.Bc2 Bc8
23.Rd4 Kf8 24.Rfd1 Kg7 25.h4  1-0

[Event "Bundesliga 2005-6"]
[Site "Katernberg GER"]
[Date "2005.12.11"]
[Round "6"]
[White "Wippermann,T"]
[Black "Volokitin,And"]
[Result "0-1"]
[WhiteElo "2446"]
[BlackElo "2666"]

1.e4 c5 2.Nf3 e6 3.b3 Nc6 4.Bb2 d5 5.exd5 exd5 6.Bb5 Nf6 7.O-O Be7 8.Ne5 Qc7
9.Re1 O-O 10.Nxc6 bxc6 11.Be2 Ne4 12.Bf3 f5 13.d3 Bd6 14.dxe4 Bxh2+ 15.Kh1 Qf4
16.exd5 Qh4 17.Na3 Be5+ 18.Kg1 Qh2+ 19.Kf1 Bxb2 20.Nc4 Bxa1 21.Qxa1 Qh1+
22.Ke2 Re8+ 23.Kd2 Qh6+ 24.Re3 Bb7 25.d6 Rad8 26.Qe1 Ba6 27.Kc3 Qf6+ 28.Kd2 Qd4+  0-1

[Event "XIII TCh-RUS"]
[Site "Sochi RUS"]
[Date "2006.04.29"]
[Round "10"]
[White "Volokitin,And"]
[Black "Erenburg,S"]
[Result "1/2-1/2"]
[WhiteElo "2660"]
[BlackElo "2554"]

1.e4 e5 2.Nf3 Nf6 3.Nxe5 d6 4.Nf3 Nxe4 5.Nc3 Nxc3 6.dxc3 Be7 7.Bf4 Nc6 8.Qd2 Be6
9.O-O-O Qd7 10.h4 h6 11.Bb5 a6 12.Ba4 b5 13.Bb3 Bxb3 14.axb3 Qf5 15.Rhe1 O-O-O
16.c4 Bf6 17.Kb1 Rhe8 18.g3 Rxe1 19.Nxe1 Re8 20.Qd3  1/2-1/2

[Event "TCh-ESP Honor Gp1"]
[Site "Olite ESP"]
[Date "2006.09.06"]
[Round "1"]
[White "Volokitin,And"]
[Black "Felgaer,R"]
[Result "1/2-1/2"]
[WhiteElo "2662"]
[BlackElo "2581"]

1.e4 c5 2.Nf3 Nc6 3.d4 cxd4 4.Nxd4 g6 5.c4 Nf6 6.Nc3 d6 7.Be2 Nxd4 8.Qxd4 Bg7
9.Bg5 O-O 10.Qd2 Be6 11.Rd1 Qa5 12.O-O Rfc8 13.b3 a6 14.Bxf6 Bxf6 15.Nd5 Qxd2
16.Nxf6+ Kg7 17.Nh5+ gxh5 18.Rxd2 Rc5 19.f4 f6 20.a4 Bg4 21.Bd3 Bd7 22.Re1 a5
23.Re3 Bc6 24.Kf2 Rg8 25.Rg3+ Kf8 26.Rxg8+ Kxg8 27.Ke3 Kg7 28.f5 Re5 29.Kf4 Kf7
30.Bc2 e6 31.Rxd6 exf5 32.exf5 Re2 33.Bd1 Re4+ 34.Kg3 h4+ 35.Kh3 Re3+ 36.Kxh4 Bxg2
37.Rd7+ Ke8 38.Rg7 Rh3+ 39.Kg4 h5+ 40.Kf4 Bc6 41.Rh7 h4 42.Bh5+ Kd8 43.Rf7 Rxh2
44.Rxf6 h3 45.Kg3 Rb2 46.Kxh3 Rxb3+ 47.Kh4 Rc3 48.Rd6+ Ke7 49.Re6+ Kf8 50.f6 Rxc4+
51.Kg5 Rc5+ 52.Kh6 Bxa4 53.Re7 Rf5 54.Rf7+ Kg8 55.Rg7+ Kf8 56.Rf7+ Kg8 57.Rg7+  1/2-1/2